000 00428nam a2200157Ia 4500
008 210210b1990 xxu||||| |||| 00| 0 eng d
082 _a332.1 SUNB
100 _aSUNDHARAM (K P M) & VARSHNEY (P N).
245 _aBanking theory, law and practice.Ed.8
250 _a
260 _aDelhi
_bSultan Chand & Sons
_c1990
300 _a395
650 _aBanking theory Banking law & practice
690 _aBanking
906 _a043222
999 _c92834
_d92834